Statistics for Guess that Organelle

Click here to take the quiz!

General Stats

  • This quiz has been taken 262 times
  • The average score is 11 of 13

Answer Stats

FunctionOrganelle% Correct
Produces energy such as ATP.Mitochondria
93%
Synthesizes proteins.Ribosome
93%
Controls all the cells activities and contains genetic information. It also help make proteins and organize DNA.Nucleus
92%
Separates cell from surronding environment, it regulates what goes in and out of the cell and provides as protection.Cell Membrane
88%
Stores water, wastes and foods.Vacuole
87%
Found in plant and prokaryotic cells, this structural layer gives the cell support and protection.Cell Wall
86%
Found in plant cells, these organelles contain chlorophyll pigment and help with photosynthesis.Chloroplast
86%
The watery material inside the cell containing organelles for cell metabolism.It helps transport materials throughout the cell.Cytoplasm
85%
Contains enzymes to break down nutrients from food for use by the cell. It also destroys damaged or old cell parts.Lysosome
85%
Canals that serves for transport, there are two types of these organelles.Endoplasmic reticulum
83%
A small dense spherical structure located inside the nucleus and makes ribosomal subunits.Nucleolus
79%
This organelle gathers simple molecules and combines them to make molecules that are more complex. It then takes those big molecules, packages them in vesicles, and either stores them for later use or sends them out of the cell.Golgi Apparatus
78%
These organelles help with meiosis and are found in most eukaryotic cells.Centriole
44%

Score Distribution

Percentile by Number Answered

Percent of People with Each Score

Your Score History

You have not taken this quiz